000 00285nam a22001337a 4500
003 SGT
082 _a616.0757
_bR19J
100 _aJYOTI
245 _aROLE OF MR MYCLOGRAPHY EVALUATION OF SYMPTOMATC
260 _aSGTU
_c2019
300 _a77
650 _aRADIOLOGY
942 _2ddc
_cTH
999 _c20766
_d20766